00238 a2200109 4500001000700000040003500007100002600042240002400068245001900092300000800111362000900119147824 cEscola São Tomás de Aquino aDUPRÉ, Maria José10aA ilha perdidalpor10aA ilha perdida a1330 a1998